Loading...
| Current Events | 3 | 13.33 | 100% | 33% | 0% |
| Fine Arts - Auditory | 4 | 22.50 | 100% | 100% | 25% |
| Fine Arts - Other | 6 | 23.33 | 100% | 67% | 67% |
| Fine Arts - Visual | 4 | 15.00 | 75% | 50% | 25% |
| Geography | 8 | 11.25 | 88% | 25% | 0% |
| History - American | 3 | 20.00 | 100% | 100% | 0% |
| History - Ancient | 2 | 20.00 | 100% | 100% | 0% |
| History - Ancient/Other | 5 | 14.00 | 100% | 40% | 0% |
| History - European | 3 | 13.33 | 100% | 33% | 0% |
| History - World | 4 | 15.00 | 100% | 50% | 0% |
| Literature - American | 5 | 20.00 | 100% | 80% | 20% |
| Literature - British | 6 | 21.67 | 100% | 100% | 17% |
| Literature - European | 3 | 10.00 | 100% | 0% | 0% |
| Literature - World | 4 | 12.50 | 50% | 75% | 0% |
| Mythology | 3 | 6.67 | 33% | 33% | 0% |
| Other Academic | 3 | 13.33 | 100% | 33% | 0% |
| Philosophy | 4 | 17.50 | 100% | 75% | 0% |
| Religion | 3 | 13.33 | 100% | 33% | 0% |
| Science - Biology | 3 | 13.33 | 100% | 33% | 0% |
| Science - Chemistry | 4 | 12.50 | 100% | 25% | 0% |
| Science - Other | 6 | 15.00 | 100% | 50% | 0% |
| Science - Physics | 6 | 10.00 | 83% | 17% | 0% |
| Social Science | 5 | 16.00 | 100% | 60% | 0% |